| 000 | 00892nam a22002531i 4500 | ||
|---|---|---|---|
| 005 | 20210415130306.0 | ||
| 008 | 210415t20172013flua|||e ||| 001 0 eng d | ||
| 020 |
_a9781138077645 _cRM 463.08 _qpaperback |
||
| 040 |
_aPPAK _beng _cPPAK _erda |
||
| 082 | 0 | 4 |
_223 _a681.2 |
| 090 | 0 | 0 |
_a681.2 _bSMA _dR |
| 245 | 0 | 0 |
_aSMART SENSORS : _bFOR INDUSTRIAL APPLICATIONS / _cEdited by Krzysztof Iniewski |
| 264 | 1 |
_aBoca Raton, FL : _bCRC Press (Taylor & Francis Group) , _c2017 |
|
| 264 | 4 | _c©2013 | |
| 300 |
_axxxv, 562 pages : _billustrations (black and white) ; _c26 cm. |
||
| 336 |
_2rdacontent _atext |
||
| 337 |
_2rdamedia _aunmediated |
||
| 338 |
_2rdacarrier _avolume |
||
| 500 | _aBibliographical references and index. | ||
| 650 | 1 | 0 |
_aDetectors _xIndustrial applications. |
| 650 | 2 | 0 |
_aSmart materials _xIndustrial applications. |
| 700 | 1 |
_aIniewski, Krzysztof, _eeditor. |
|
| 942 |
_2ddc _cB |
||
| 999 |
_c183442 _d183442 |
||